Ročenka 1993-1994 Úrad priemyselného vlastníctva Slovenskej republiky

Salvato in:
Dettagli Bibliografici
Natura: Libro
Lingua:slovacco
inglese
Pubblicazione: Bratislava Úrad priemyselného vlastníctva SR [1995]
Edizione:1. vyd.
Soggetti:
Tags: Aggiungi Tag
Nessun Tag, puoi essere il primo ad aggiungerne!!

MARC

LEADER 00000nam a2200000 4500
001 c012562
005 20230314085507.6
041 0 |a slo 
041 0 |a eng 
044 |a SK 
245 1 0 |a Ročenka 1993-1994  |b Úrad priemyselného vlastníctva Slovenskej republiky 
250 |a 1. vyd. 
264 1 |a Bratislava  |b Úrad priemyselného vlastníctva SR  |c [1995] 
300 |a 45 s. 
610 2 0 |a vlastníctvo priemyselné 
610 2 0 |a Slovensko 
610 2 0 |a dohody medzinárodné 
610 2 0 |a štruktúra organizačná